000 00772cam a2200277 i 4500
001 768714001
003 CO-MdFUSB
005 20250527155357.0
007 ta
008 250527t1999 -ck||||| |||| 00| 0 spa d
040 _cCO-MdFUSB
041 0 _aspa
082 0 4 _223
_a248.4
_bS5724v
100 1 _aSierra Díaz, Arcadio
_eautor
245 1 0 _aLos vencedores y el reino milenario
_c/ Arcadio Sierra Díaz
264 1 _bPublicaciones Cristianas Iberoamericanas
_aBogotá, Colombia :
_c[1999]
264 4 _c©1999
300 _a142páginas
336 _atexto
_btxt
_2rdacontent
337 _2rdamedia
_asin mediación
_bn
338 _2rdacarrier
_avolumen
_bnc
563 _apasta dura
650 0 _aVida cristiana
_919
942 _cBK
945 _aMiguel Gómez
999 _c38391
_d38391